सचित्र योगासन / (Record no. 120223)
[ view plain ]
| 000 -LEADER | |
|---|---|
| fixed length control field | 01039nam a22002537a 4500 |
| 005 - DATE AND TIME OF LATEST TRANSACTION | |
| control field | 20170124103154.0 |
| 010 ## - LIBRARY OF CONGRESS CONTROL NUMBER | |
| LC control number | B-198078 |
| 020 ## - INTERNATIONAL STANDARD BOOK NUMBER | |
| Terms of availability | 190.00 |
| International Standard Book Number | 8188118907 |
| 035 ## - SYSTEM CONTROL NUMBER | |
| System control number | B-198078 |
| 037 ## - SOURCE OF ACQUISITION | |
| Source of stock number/acquisition | Cen Lib/Ret |
| 040 ## - CATALOGING SOURCE | |
| Original cataloging agency | DPL |
| Language of cataloging | HN |
| 082 ## - DEWEY DECIMAL CLASSIFICATION NUMBER | |
| Classification number | 613.7046 |
| Item number | शर्माओ |
| 100 ## - MAIN ENTRY--PERSONAL NAME | |
| Personal name | शर्मा, ओमप्रकाश |
| 9 (RLIN) | 89228 |
| 245 ## - TITLE STATEMENT | |
| Title | सचित्र योगासन / |
| Statement of responsibility, etc | ओमप्रकाश शर्मा |
| 246 ## - VARYING FORM OF TITLE | |
| Title proper/short title | Sachitr yogasan |
| Remainder of title | by Omprakash Sharma |
| 260 ## - PUBLICATION, DISTRIBUTION, ETC. (IMPRINT) | |
| Place of publication, distribution, etc | दिल्ली |
| Name of publisher, distributor, etc | आर्य प्रकाशन मंडल |
| Date of publication, distribution, etc | 2006 |
| 270 ## - ADDRESS | |
| Address | ix,221-सरस्वती भंडार गाँधी नगर |
| City | दिल्ली |
| Postal code | 110031 |
| 300 ## - PHYSICAL DESCRIPTION | |
| Extent | 237पृष्ठ. : |
| Dimensions | 21सेमी(सजिल्द) |
| Other physical details | चित्र. |
| 650 ## - SUBJECT ADDED ENTRY--TOPICAL TERM | |
| Topical term or geographic name as entry element | योगासन |
| 9 (RLIN) | 89229 |
| 650 ## - SUBJECT ADDED ENTRY--TOPICAL TERM | |
| Topical term or geographic name as entry element | विशिष्ट योगासन |
| 9 (RLIN) | 239 |
| 650 ## - SUBJECT ADDED ENTRY--TOPICAL TERM | |
| Topical term or geographic name as entry element | Yoga |
| 9 (RLIN) | 89230 |
| 650 ## - SUBJECT ADDED ENTRY--TOPICAL TERM | |
| Topical term or geographic name as entry element | Specific yoga |
| 9 (RLIN) | 89231 |
| 942 ## - ADDED ENTRY ELEMENTS (KOHA) | |
| Source of classification or shelving scheme | Dewey Decimal Classification |
| Koha item type | Hindi Books |
| Classification part | 613.7046 |
| Call number suffix | शर्माओ |
| Withdrawn status | Lost status | Damaged status | Not for loan | Home library | Current library | Date acquired | Source of acquisition | Cost, normal purchase price | Total Checkouts | Total Renewals | Full call number | Barcode | Date last seen | Date checked out | Copy number | Cost, replacement price | Price effective from | Koha item type |
|---|---|---|---|---|---|---|---|---|---|---|---|---|---|---|---|---|---|---|
| Central Library | Central Library | 21/09/2015 | Cen Lib/Ret | 190.00 | 2 | 3 | 613.7046 शर्माओ | B-198078 | 02/03/2020 | 05/02/2020 | 1 | 190.00 | 21/09/2015 | Hindi Books |
